| 000 | 00355cam a22001217a 4500 | ||
|---|---|---|---|
| 008 | 180718b1954 xxu||||| |||| 00| 0 eng d | ||
| 082 | _aF10651 R285 | ||
| 100 | _aRemmers, H. H. | ||
| 245 |
_aIntroduction to opinion and attitude measurement _cby H. H. Remmers |
||
| 260 |
_aNew York _bHarper _c1954 |
||
| 300 | _aviii, 437p | ||
| 650 | _aAttitude (Psychology) | ||
| 999 |
_c425961 _d425961 |
||